Геолого-тектонические модели территории исследования с позиции концепции структур центрального типа (на примере вала Карпинского и Прикаспийской впадины) (Запись № 11310898)

Подробности
000 -МАРКЕР
контрольное поле 02946nam0a2200409 4500
001 - ИДЕНТИФИКАТОР ЗАПИСИ
контрольное поле RU\NLR\BIBL_A\011363428
005 - ИДЕНТИФИКАТОР ВЕРСИИ
контрольное поле 20250626052705.0
010 ## - МЕЖДУНАРОДНЫЙ СТАНДАРТНЫЙ НОМЕР КНИГИ (ISBN)
Номер (ISBN) 978-5-91458-153-1
Тираж 500
021 ## - НОМЕР ГОСУДАРСТВЕННОЙ РЕГИСТРАЦИИ
Код страны Российская Федерация
Номер 2017-16811
Номер Листа государственной регистраци 1244
035 ## - ДРУГИЕ СИСТЕМНЫЕ НОМЕРА
Идентификатор записи (RuMoRGB)008819882
035 ## - ДРУГИЕ СИСТЕМНЫЕ НОМЕРА
Идентификатор записи (NLR Aleph) 011363428
100 ## - ДАННЫЕ ОБЩЕЙ ОБРАБОТКИ
Данные общей обработки 20170407d2016 |||y0rusy50 ca
101 0# - ЯЗЫК РЕСУРСА
Язык текста, звукозаписи и т.д. русский
102 ## - СТРАНА ПУБЛИКАЦИИ ИЛИ ПРОИЗВОДСТВА
Страна публикации Российская Федерация
105 ## - ПОЛЕ КОДИРОВАННЫХ ДАННЫХ: ТЕКСТОВЫЕ МАТЕРИАЛЫ, МОНОГРАФИЧЕСКИЕ
Кодированные данные о монографическом текстовом документе ab||z|||000zy
200 1# - ЗАГЛАВИЕ И СВЕДЕНИЯ ОБ ОТВЕТСТВЕННОСТИ
Основное заглавие Геолого-тектонические модели территории исследования с позиции концепции структур центрального типа (на примере вала Карпинского и Прикаспийской впадины)
Сведения, относящиеся к заглавию [монография
Первые сведения об ответственности Харченко Владимир Михайлович, доктор геолого-минералогоических наук, профессор, Сангаджиев Мерген Максимович, кандидат геолого-минералогических наук, доцент, Дорджиев Анатолий Григорьевич, кандидат технических наук, доцент, Дорджиев Анатолий Анатольевич]
Последующие сведения об ответственности Министерство образования и науки Российской Федерации, Федеральное государственное бюджетное образовательное учреждение высшего образования "Калмыцкий государственный университет имени Б.Б. Городовикова"
210 ## - ПУБЛИКАЦИЯ, РАСПРОСТРАНЕНИЕ И ДР.
Место издания, распространения и т.д. Элиста
Имя издателя, распространителя и т. д. Изд-во Калмыцкого университета
Дата издания, распространения и т.д. 2016
215 ## - ФИЗИЧЕСКАЯ ХАРАКТЕРИСТИКА
Специфическое обозначение материала и объем 102, [1] с.
Другие сведения о физической характеристике ил., карт.
Размеры 20
300 ## - ОБЩИЕ ПРИМЕЧАНИЯ
Текст примечания Авт. указаны в конце кн.
320 ## - ПРИМЕЧАНИЯ О НАЛИЧИИ В ДОКУМЕНТЕ БИБЛИОГРАФИИ / УКАЗАТЕЛЯ
Текст примечания Библиогр.: с. 100-102 (33 назв.)
607 ## - ГЕОГРАФИЧЕСКОЕ НАИМЕНОВАНИЕ КАК ПРЕДМЕТ
Географическое наименование Карпинского вал
Тематический подзаголовок Тектоника
Системный номер авторитетной/нормативной записи 1216371
Идентификатор авторитетной/нормативной записи RU\NLR\AUTH\66176060
607 ## - ГЕОГРАФИЧЕСКОЕ НАИМЕНОВАНИЕ КАК ПРЕДМЕТ
Географическое наименование Прикаспийская синеклиза
Тематический подзаголовок Тектоника
Системный номер авторитетной/нормативной записи 1959320
Идентификатор авторитетной/нормативной записи RU\NLR\AUTH\66896745
686 ## - ИНДЕКСЫ ДРУГИХ КЛАССИФИКАЦИЙ
Индекс Д9(2Р355.7)39,0
Код системы
686 1# - ИНДЕКСЫ ДРУГИХ КЛАССИФИКАЦИЙ
Индекс Д399(2Р37-4Р)
686 1# - ИНДЕКСЫ ДРУГИХ КЛАССИФИКАЦИЙ
Индекс Д399(2Р355.7)
701 #1 - ИМЯ ЛИЦА - АЛЬТЕРНАТИВНАЯ ОТВЕТСТВЕННОСТЬ
Графика поля Кириллица
Материалы, к которым относится поле rus
Начальный элемент ввода Харченко
Часть имени, кроме начального элемента ввода В. М.
Дополнения к именам, кроме дат д-р геол.-минерал. наук
Расширение инициалов личного имени Владимир Михайлович
Системный номер авторитетной/нормативной записи 172856
Идентификатор авторитетной/нормативной записи RU\NLR\AUTH\770172907
701 #1 - ИМЯ ЛИЦА - АЛЬТЕРНАТИВНАЯ ОТВЕТСТВЕННОСТЬ
Начальный элемент ввода Сангаджиев
Часть имени, кроме начального элемента ввода М. М.
Расширение инициалов личного имени Мерген Максимович
701 #1 - ИМЯ ЛИЦА - АЛЬТЕРНАТИВНАЯ ОТВЕТСТВЕННОСТЬ
Начальный элемент ввода Дорджиев
Часть имени, кроме начального элемента ввода А. Г.
Расширение инициалов личного имени Анатолий Григорьевич
701 #1 - ИМЯ ЛИЦА - АЛЬТЕРНАТИВНАЯ ОТВЕТСТВЕННОСТЬ
Начальный элемент ввода Дорджиев
Часть имени, кроме начального элемента ввода А. А.
Расширение инициалов личного имени Анатолий Анатольевич
712 02 - НАИМЕНОВАНИЕ ОРГАНИЗАЦИИ - ВТОРИЧНАЯ ОТВЕТСТВЕННОСТЬ
Код отношения Издающая организация
Начальный элемент ввода Калмыцкий государственный университет им. Б. Б. Городовикова
Идентифицирующий признак Элиста
Системный номер авторитетной/нормативной записи 2654791
Идентификатор авторитетной/нормативной записи RU\NLR\AUTH\880622423
942 ## - ДОПОЛНИТЕЛЬНЫЕ ЭЛЕМЕНТЫ ЗАПИСИ (АБИС)
Тип экземпляра АБИС Книга
980 ## - КОЛЛЕКЦИЯ
Название коллекции НБР
980 ## - КОЛЛЕКЦИЯ
Название коллекции Национальная библиография
Экземпляры
Тип экземпляра Дата поступления Источник поступления Стоимость Библиотека постоянного хранения Библиотека текущего хранения Место хранения Шифр хранения Штрих-код Статус экземпляра
Книга 07.04.2017 Обязательный экземпляр 0.00 РНБ (Московский) РНБ (Московский) Русский книжный фонд: издания с 1957 года 2017-3/8902 1-1798907  
Книга 07.04.2017 Обязательный экземпляр 0.00 РНБ (Московский) РНБ (Московский) Русский книжный фонд: издания с 1957 года 2017-3/8902 1-1798903